Fashion supply chain management : industry and business analysis.
| Other Authors: | |
|---|---|
| Format: | Book |
| Published: |
Hershey, PA:
Business Science Reference,
2012.
|
| Subjects: |
| LEADER | 00512cam a2200157 7i4500 | ||
|---|---|---|---|
| 001 | 0000028392 | ||
| 005 | 20130325090000.0 | ||
| 020 | 0 | 0 | |a 9781609607562 |
| 090 | 0 | 0 | |a P 746.920687 |b FAS |
| 245 | 0 | 0 | |a Fashion supply chain management : |b industry and business analysis. |
| 260 | 0 | 0 | |a Hershey, PA: |b Business Science Reference, |c 2012. |
| 300 | # | # | |a 392 p. |
| 650 | 0 | 0 | |a Business logistics |
| 650 | 0 | 0 | |a Clothing trade -- |x Supply chain |
| 700 | 1 | 0 | |a Choi, Tsan - Ming |
| 999 | |a B000031904 |b Book |c Countries |e Business Information Centre | ||


